Grammar first: (Record no. 280)

MARC details
000 -LEADER
fixed length control field 00587nam a22001817a 4500
005 - DATE AND TIME OF LATEST TRANSACTION
control field 20230523014443.0
008 - FIXED-LENGTH DATA ELEMENTS--GENERAL INFORMATION
fixed length control field 221129b |||||||| |||| 00| 0 eng d
020 ## - INTERNATIONAL STANDARD BOOK NUMBER
International Standard Book Number 978-971-23-6002-2
082 ## - DEWEY DECIMAL CLASSIFICATION NUMBER
Classification number Fil. 415 B277 2011
100 ## - MAIN ENTRY--PERSONAL NAME
Personal name Barrot, Jessie S.
Relator term author
245 ## - TITLE STATEMENT
Title Grammar first:
Remainder of title a communicative way in learning grammar /
Statement of responsibility, etc. jessie S. Barrot
250 ## - EDITION STATEMENT
Edition statement 1st ed.
260 ## - PUBLICATION, DISTRIBUTION, ETC.
Place of publication, distribution, etc. Manila:
Name of publisher, distributor, etc. Rex Book Store,
Date of publication, distribution, etc. c2011.
300 ## - PHYSICAL DESCRIPTION
Extent vii, 282p.
504 ## - BIBLIOGRAPHY, ETC. NOTE
Bibliography, etc. note Includes references
541 ## - IMMEDIATE SOURCE OF ACQUISITION NOTE
Accession number 4733 c.1, 4734 c.2, 4735 c.3, 4736 c.4, 4737 c.5
650 ## - SUBJECT ADDED ENTRY--TOPICAL TERM
Topical term or geographic name entry element English language - Grammar
Holdings
Withdrawn status Lost status Source of classification or shelving scheme Damaged status Not for loan Home library Current library Date acquired Total Checkouts Full call number Barcode Date last seen Copy number Price effective from Koha item type
    Dewey Decimal Classification     ctu-moalboal ctu-moalboal 05/06/2016   Fil. 415 B277 2011 4733 11/29/2022 1 11/29/2022 Books-Filipiniana
    Dewey Decimal Classification     ctu-moalboal ctu-moalboal 05/06/2016   Fil. 415 B277 2011 4734 11/29/2022 2 11/29/2022 Books-Filipiniana
    Dewey Decimal Classification     ctu-moalboal ctu-moalboal 05/06/2016   Fil. 415 B277 2011 4735 11/29/2022 3 11/29/2022 Books-Filipiniana
    Dewey Decimal Classification     ctu-moalboal ctu-moalboal 05/06/2016   Fil. 415 B277 2011 4736 11/29/2022 4 11/29/2022 Books-Filipiniana
    Dewey Decimal Classification     ctu-moalboal ctu-moalboal 05/06/2016   Fil. 415 B277 2011 4737 11/29/2022 5 11/29/2022 Books-Filipiniana